00521nam a22001697a 450000500170000001000130001702000100003003500130004003700140005308200080006710000330007524500610010824600540016926000480022327000600027130000200033120200210152514.0 aA-645231 c40.00 aA-645231 bBPPD/Pub. a920 aشاہ محمد عثمانی aٹوٹے ہوے تارے /cشاہ محمد عثمانی aToote Hue Taare (Urdu) /bby Shah Mohammed Asmani aNew DelhibAsmani Publishing Housec1985 ء a121-B Block, Zakir Nagar, Okhla RoadbNew Delhie110025 a389p.c21cm(Hb)